Estatísticas para Cultura geral

Clique aqui para jogar o quiz

Estatísticas Gerais

  • Esse quiz foi jogado 13 vezes
  • A pontuação média é 6 de 15

Estatísticas das Respostas

HintResposta% Correto
Que animal doméstico é adorado pelos egípcios?Gato
92%
Qual grande rede de fast food americana fecha aos domingos?Chick-fil-A
83%
Como se diz pato em inglês?Duck
75%
Que carne é proibida para os muçulmanos e os judeus?Porco
75%
Em que continente o arroz é muito usado na culinária?Ásia
67%
Como se diz praia em espanhol?Playa
67%
Qual é o cereal mais cultivado no mundo?Milho
50%
Qual é a colheita de fruta que dá mais dinheiro ao estado de Washington?Maçã
42%
Qual é a medalha mais alta concedida pelos militares dos EUA?Honra
25%
Em que país se acredita que o xadrez tenha se originado?Índia
25%
Qual cidade abriga o campus principal da Universidade da Califórnia?Berkeley
8%
Em que país teve origem o milho?México
8%
Qual é o único estado dos EUA onde a prostituição é legal?Nevada
8%
Onde teve origem a batata?Andes
0%
Qual cidade do sul é frequentemente chamada de cidade mais educada dos EUA?Charleston
0%

Distribuição das Pontuações

Percentil de Números Respondidos

Porcentagem de Pessoas com Cada Pontuação

Sua Pontuação Histórica

Você não jogou esse quiz